01003nam a2200313Ia 4500001000900000003000500009005001700014008004100031010001100072020001800083040000900101082001700110100002100127245015200148250001100300260005600311300001500367500004900382503000800431504002800439650002200467650001900489650002200508650001900530700004100549700003700590700003300627700002900660dia_3521CHAP20251027153749.0220117s1987 xx 000 0 und d a173979 a969-880-104-6 cCHAP a576 B76 1987 aBrock, Thomas D. aMicrobiología /c Thomas D. Brock, David W. Smith y Michael T. Madigan ; traducción Gustavo Lonngi Villanueva y Teresa de Jesús Garza Casais a4a ed. aMéxico :b Prentice-Hall Hispanoamericana,c1987 axv, 906 p. aTítulo original: Biology of microorganisms aC/e aIncluye bibliografías aMicrobiología  aMicrobiology  aMicroorganismos  aMicroorganisms aGarza Casais, Teresa de Jesús, tr. aLonngi Villanueva, Gustavo, tr.  aMadigan, Michael T., coaut.  aSmith, David W., coaut.